000 01219nam a22003137a 4500
999 _c14248
_d14248
003 AR-CdUCM
008 190422b ||||| |||| 00| 0 spa d
020 _a84-7510-068-6
040 _aMUNICIPALIDAD PROVINCIAL DEL CUSCO
_cBIBLIOTECA MUNICIPAL DEL CUSCO
041 _heng
082 _aEP / 372 /
_bB84
100 _aBrown, Charlie
_932953
245 _aGran libro de preguntas y respuestas de Carlitos /
260 _aBarcelona :
_bGrijalbo Dargaud,
_c1976.
300 _a4 tomos
_bilustraciones, graficos, dibujos,
_c17 cm.
500 _aLibro de preguntas y respuestas
505 _aContenido: t.1: respecto a todas las especies animales... desde el caracol hasta el hombre -- t.2: Respecto a la tierra y al espacio .. desde las plantas hasta los planetas -- t.3: desde el descubrimiento de la rueda hasta el columbia -- t.4: respecto a los pueblos del mundo y su forma de vida...
650 _aLibro
_921916
650 _aPreguntas
_932954
650 _aRespuestas
_932955
650 _aMundo
_9597
650 _aTierra
_9337
650 _aHistoria
_9136
650 _aLiteratura
_983
650 _aAnimales
_9917
650 _aPlantas
_919530
942 _2ddc
_cLIBROS
945 _apjha
_d2019-04-22